|
|
|
|
| LEADER |
00000nam a22000007a 4500 |
| 005 |
20190704133510.0 |
| 007 |
cr|||| |||| |
| 008 |
190704s2019 es |||||s|||| 00||0 spa d |
| 020 |
|
|
|a 978-84-1324-139-5
|
| 035 |
|
|
|a 23303
|
| 040 |
|
|
|a vLex
|
| 090 |
|
|
|c 8999
|d 8999
|
| 245 |
0 |
3 |
|a Los rohinys̀, apt̀ridas perseguidos del siglo XXI
|h [Recurso electrn̤ico] :
|b La actuacin̤ de la Comunidad internacional
|
| 256 |
|
|
|a Servicio en ln̕ea
|
| 260 |
|
|
|a Madrid:
|b Dykinson,
|c 2019
|
| 300 |
|
|
|a 1 recurso electrn̤ico
|
| 500 |
|
|
|a Myanmar en un Estado del sudeste asit̀ico que en 2015 celebr,̤ bajo la atenta mirada de la comunidad internacional, unas elecciones consideradas libres pese a la imposibilidad de votar de ciertas minora̕s, con lo que culmin ̤un proceso de transicin̤ hacia una “democracia vigilada”. En ese Estado pluriťnico, con ms̀ de 100 etnias reconocidas oficialmente agrupadas en ocho grandes grupos, muchas de ellas alzadas en armas en distintos momentos desde el acceso a la independencia, un colectivo inicialmente de cerca de 2 millones de personas radicadas en el estado de Rakìn, mayoritariamente de religin̤ musulmana en un pas̕ oficialmente budista, ha ido perdiendo a lo largo de las dčadas sus derechos y se han visto obligados a salir en diversas ocasiones en desplazamiento forzado hacia terceros Estados. El l︢timo x̌odo se produjo a partir de agosto de 2016 y se intensific ̤tras unos atentados que desencadenaron una feroz respuesta por parte de las Fuerzas Armadas birmanas. Son los denominados rohinys̀, a los que el Gobierno birmano niega incluso la identidad. Quiňes son, cm̤o han llegado a esta situacin̤ y cul̀ ha sido la respuesta de la Comunidad internacional ante un posible caso de genocidio, o al menos de limpieza ťnica y de violaciones sistemt̀icas y graves de lso derechos humanos son algunas de las cuestiones que se abordan en el texto. La autora de esta obra es profesora de la Universidad Rey Juan Carlos.
|
| 506 |
1 |
|
|a Disponible solo en los productos indicados
|d vLex Global
|d vLex Global (Academic Edition, excluding Law Schools)
|d vLex Global (U.S. Academic Edition, Law Schools)
|d vLex Global (U.S. Academic Edition, excluding Law Schools)
|d vLex Global (Academic Edition, Law Schools)
|
| 650 |
0 |
4 |
|a Derecho Internacional
|z Espaą
|
| 650 |
0 |
4 |
|a Economa̕ Espaǫla
|z Espaą
|
| 740 |
0 |
|
|a vLex Libros (Servicio en ln̕ea)
|
| 856 |
4 |
0 |
|u http://vlex.com/source/rohinyas-apatridas-perseguidos-del-siglo-xxi-la-actuacion-de-la-comunidad-internacional-23303
|z Acceso restringido
|
| 942 |
|
|
|c BOOK
|
| 999 |
0 |
|
|a International Law
|
| 999 |
0 |
|
|a Spanish Economy
|